[Event "Esbjerg 100 Years Weekend"]
[Site "Esbjerg"]
[Date "2022.10.23"]
[Round "7"]
[White "Easwaralingam, Adesh"]
[Black "Loveid, Erik"]
[Result "1-0"]
[WhiteElo "2161"]
[BlackElo "1913"]
[PlyCount "57"]
[EventDate "2022.10.21"]
[EventType "swiss"]
[EventRounds "7"]
[EventCountry "DEN"]
[SourceTitle "EXT 2024"]
[Source "ChessBase"]
[SourceDate "2023.10.10"]
[SourceVersion "1"]
[SourceVersionDate "2023.10.10"]
[SourceQuality "1"]

1. e4 c6 2. Nc3 d5 3. Nf3 Bg4 4. h3 Bxf3 5. Qxf3 e6 6. d3 Nd7 7. Bd2 Ngf6 8. g4 h6 9. Qg3 Bb4 10. e5 Ng8 11. 0-0-0 Ne7 12. f4 Qb6 13. d4 0-0-0 14. a3 Bxc3 15. Bxc3 f5 16. Qe1 Qc7 17. Ba5 b6 18. Bc3 c5 19. b4 c4 20. b5 Rde8 21. Rg1 Rhf8 22. Be2 fxg4 23. Bxg4 Nf5 24. Bb4 Rg8 25. Bxf5 exf5 26. Rg6 Kb7 27. Qh1 Nf6 28. exf6 Re4 29. Qg1 1-0

[Event "Esbjerg 100 Years Weekend"]
[Site "Esbjerg"]
[Date "2022.10.21"]
[Round "1"]
[White "Easwaralingam, Adesh"]
[Black "Madsen, Egon Rysgaard"]
[Result "1-0"]
[WhiteElo "2161"]
[BlackElo "1703"]
[PlyCount "41"]
[EventDate "2022.10.21"]
[EventType "swiss"]
[EventRounds "7"]
[EventCountry "DEN"]
[SourceTitle "EXT 2024"]
[Source "ChessBase"]
[SourceDate "2023.10.10"]
[SourceVersion "1"]
[SourceVersionDate "2023.10.10"]
[SourceQuality "1"]

1. e4 e5 2. Nf3 Nc6 3. Bb5 Nf6 4. d3 d6 5. 0-0 Be7 6. c3 0-0 7. h3 a6 8. Ba4 b5 9. Bc2 d5 10. exd5 Nxd5 11. Re1 f6 12. Nbd2 Bf5 13. Ne4 Qd7 14. Ng3 Bg6 15. Nh4 Rfe8 16. Nxg6 hxg6 17. d4 Nf4 18. Bxf4 exf4 19. Bxg6 fxg3 20. Qh5 gxf2+ 21. Kxf2 1-0

[Event "Odense-ch"]
[Site "Odense"]
[Date "2022.10.14"]
[Round "5"]
[White "Nilssen, Ellen Fredericia"]
[Black "Easwaralingam, Adesh"]
[Result "1/2-1/2"]
[WhiteElo "2171"]
[BlackElo "2161"]
[PlyCount "58"]
[EventDate "2022.10.14"]
[EventType "swiss"]
[EventRounds "5"]
[EventCountry "DEN"]
[SourceTitle "CBM 210 Extra"]
[Source "ChessBase"]
[SourceDate "2022.11.30"]
[SourceVersion "1"]
[SourceVersionDate "2022.11.30"]
[SourceQuality "1"]

1. d4 Nf6 2. c4 e6 3. Nf3 d5 4. Nc3 Bb4 5. e3 0-0 6. Bd2 b6 7. cxd5 exd5 8. Rc1 a6 9. Bd3 Nbd7 10. Ne5 Bb7 11. 0-0 Bd6 12. f4 c5 13. Be1 Qc7 14. Qf3 Rad8 15. Bh4 Be7 16. Qh3 Nxe5 17. fxe5 Ne4 18. Bxe7 Qxe7 19. Qf3 f5 20. Qe2 cxd4 21. exd4 Qb4 22. Nxe4 fxe4 23. Bxa6 Qxd4+ 24. Kh1 Bxa6 25. Qxa6 Qxb2 26. e6 Qe5 27. Qxb6 Rde8 28. Rxf8+ Kxf8 29. Qf2+ Qf6 1/2-1/2

[Event "DEN-ch U19 rapid"]
[Site "Odense"]
[Date "2022.09.30"]
[Round "5"]
[White "Liu, Casper Yukun"]
[Black "Easwaralingam, Adesh"]
[Result "1/2-1/2"]
[WhiteElo "2317"]
[BlackElo "2153"]
[PlyCount "53"]
[EventDate "2022.09.30"]
[EventType "swiss"]
[EventRounds "5"]
[EventCountry "DEN"]
[SourceTitle "EXT 2024"]
[Source "ChessBase"]
[SourceDate "2023.10.10"]
[SourceVersion "1"]
[SourceVersionDate "2023.10.10"]
[SourceQuality "1"]

1. d4 Nf6 2. c4 e6 3. g3 d5 4. Bg2 dxc4 5. Nf3 Nc6 6. Qa4 Bb4+ 7. Bd2 Nd5 8. Bxb4 Ndxb4 9. 0-0 Bd7 10. Ne5 Rb8 11. Nxc6 Nxc6 12. Qxc4 0-0 13. Nd2 e5 14. dxe5 Nxe5 15. Qc5 Bc6 16. Qxe5 Bxg2 17. Kxg2 Qxd2 18. Rfd1 Qb4 19. e3 c5 20. Rac1 b6 21. b3 Rbe8 22. Qd5 Qb5 23. Rc4 a5 24. Rg4 Re6 25. Qg5 Rg6 26. Qe7 Re6 27. Qg5 1/2-1/2

[Event "DEN-ch U19 rapid"]
[Site "Odense"]
[Date "2022.09.30"]
[Round "3"]
[White "Mollasoltani, Aryan"]
[Black "Easwaralingam, Adesh"]
[Result "1/2-1/2"]
[WhiteElo "1867"]
[BlackElo "2153"]
[PlyCount "94"]
[EventDate "2022.09.30"]
[EventType "swiss"]
[EventRounds "5"]
[EventCountry "DEN"]
[SourceTitle "EXT 2024"]
[Source "ChessBase"]
[SourceDate "2023.10.10"]
[SourceVersion "1"]
[SourceVersionDate "2023.10.10"]
[SourceQuality "1"]

1. e4 c5 2. Nf3 e6 3. d4 cxd4 4. Nxd4 Nc6 5. Nc3 Qc7 6. g3 a6 7. Bg2 Nf6 8. 0-0 Nxd4 9. Qxd4 Bc5 10. Bf4 d6 11. Qd2 h6 12. Rad1 e5 13. Be3 Bxe3 14. fxe3 Be6 15. Qxd6 Rc8 16. h3 h5 17. Rf2 h4 18. g4 Nd7 19. Qxc7 Rxc7 20. Nd5 Rc5 21. Bf1 b5 22. c3 Rh6 23. Rfd2 Bxd5 24. Rxd5 Rxd5 25. exd5 Rb6 26. Bd3 Nc5 27. Bc2 g5 28. Kf2 Nb7 29. a4 Nd6 30. axb5 axb5 31. b3 Ra6 32. Rd2 Ra2 33. Ke2 Ra7 34. e4 Rc7 35. Kd3 Ke7 36. Bb1 Nb7 37. c4 bxc4+ 38. bxc4 Nc5+ 39. Kc3 Rb7 40. Bc2 Rb6 41. Rd1 Rf6 42. Kb4 Kd6 43. Rd3 Rf2 44. Rc3 Rf1 45. Ra3 Rf2 46. Rc3 Rf4 47. Ra3 Rf2 1/2-1/2

[Event "Krakow op-A"]
[Site "Krakow"]
[Date "2022.07.01"]
[Round "8"]
[White "Easwaralingam, Adesh"]
[Black "Torkkola, Henri"]
[Result "0-1"]
[WhiteElo "2152"]
[BlackElo "2209"]
[PlyCount "85"]
[EventDate "2022.06.25"]
[EventType "swiss"]
[EventRounds "9"]
[EventCountry "POL"]
[SourceTitle "CBM 209 Extra"]
[Source "ChessBase"]
[SourceDate "2022.09.30"]
[SourceVersion "1"]
[SourceVersionDate "2022.09.30"]
[SourceQuality "1"]

1. e4 e6 2. d4 d5 3. Nd2 c5 4. Ngf3 cxd4 5. Nxd4 Nc6 6. Bb5 Bd7 7. Nxc6 bxc6 8. Bd3 Bd6 9. 0-0 Qc7 10. h3 Ne7 11. c4 d4 12. Nb3 c5 13. f4 e5 14. f5 f6 15. Qh5+ Kf8 16. g4 Nc6 17. a3 Rb8 18. Nd2 Ke7 19. g5 h6 20. gxf6+ gxf6 21. Kh2 Be8 22. Qh4 Bf7 23. Rg1 Qb7 24. Rg7 Rbg8 25. Rxg8 Bxg8 26. Qg3 Bf7 27. Qg7 Qb8 28. Nf3 Rg8 29. Qxh6 Qb3 30. Be2 d3 31. Qe3 Nd4 32. Bxd3 Qd1 33. Nd2 Nxf5 34. Qf2 Nd4 35. b4 Be6 36. Bf1 Bd7 37. Rb1 Qh5 38. Bg2 f5 39. Bb2 f4 40. Bxd4 cxd4 41. Nf1 Kf8 42. Rb3 Be7 43. Kg1 0-1

[Event "EU-ch 22nd"]
[Site "Terme Catez"]
[Date "2022.04.03"]
[Round "8"]
[White "Easwaralingam, Adesh"]
[Black "Markoja, Boris"]
[Result "0-1"]
[WhiteElo "2069"]
[BlackElo "2461"]
[PlyCount "124"]
[EventDate "2022.03.27"]
[EventType "swiss"]
[EventRounds "11"]
[EventCountry "SLO"]
[SourceTitle "CBM 208"]
[Source "ChessBase"]
[SourceDate "2022.06.30"]
[SourceVersion "1"]
[SourceVersionDate "2022.06.30"]
[SourceQuality "1"]

1. e4 e5 2. Nf3 Nc6 3. Bb5 a6 4. Ba4 b5 5. Bb3 Na5 6. 0-0 d6 7. c3 Nxb3 8. Qxb3 Be6 9. Qc2 Ne7 10. d4 Ng6 11. Ng5 Bc4 12. Rd1 f6 13. b3 Bg8 14. Nf3 Be6 15. Be3 Be7 16. c4 bxc4 17. d5 cxb3 18. axb3 Bd7 19. Rc1 0-0 20. Nbd2 Rc8 21. Rxa6 Qe8 22. Ra7 Bd8 23. Nc4 f5 24. exf5 Bxf5 25. Qd2 h6 26. b4 Ne7 27. Ne1 Rb8 28. Ra5 Qg6 29. f3 Bd7 30. Ba7 Rc8 31. Be3 Be8 32. Ra6 Rf6 33. Ra3 Qf7 34. Rd3 Bb5 35. Bf2 c6 36. Ne3 Bxd3 37. Qxd3 Bb6 38. dxc6 Bxe3 39. Bxe3 Rxc6 40. Ra1 Qc4 41. Qxc4+ Rxc4 42. b5 Rb4 43. Ra8+ Rf8 44. Ra6 Rb1 45. Kf1 Nf5 46. Bf2 Rd8 47. b6 d5 48. Ke2 Rb2+ 49. Kf1 e4 50. Bc5 Rb5 51. b7 Rxb7 52. g4 Nh4 53. fxe4 Rf7+ 54. Ke2 Re8 55. Ra4 dxe4 56. h3 Nf3 57. Ng2 Rc7 58. Bf2 Rc2+ 59. Ke3 Rec8 60. Ra3 Ne5 61. Ne1 Nc4+ 62. Kd4 Nxa3 0-1

[Event "EU-ch 22nd"]
[Site "Terme Catez"]
[Date "2022.04.01"]
[Round "6"]
[White "Globus, Or"]
[Black "Easwaralingam, Adesh"]
[Result "1/2-1/2"]
[WhiteElo "2414"]
[BlackElo "2069"]
[PlyCount "104"]
[EventDate "2022.03.27"]
[EventType "swiss"]
[EventRounds "11"]
[EventCountry "SLO"]
[SourceTitle "CBM 208"]
[Source "ChessBase"]
[SourceDate "2022.06.30"]
[SourceVersion "1"]
[SourceVersionDate "2022.06.30"]
[SourceQuality "1"]

1. c4 Nf6 2. Nc3 e6 3. e4 c5 4. e5 Ng8 5. Nf3 Nc6 6. d4 cxd4 7. Nxd4 Nxe5 8. Ndb5 a6 9. Nd6+ Bxd6 10. Qxd6 f6 11. Be3 Ne7 12. Bb6 Nf5 13. Qb4 Nc6 14. Qc5 Qe7 15. Qxe7+ Ncxe7 16. 0-0-0 d5 17. g4 Nh4 18. Bc5 Nhg6 19. Rg1 Bd7 20. cxd5 exd5 21. g5 Kf7 22. gxf6 gxf6 23. b4 Rac8 24. Kb2 a5 25. Ne4 dxe4 26. Rxd7 axb4 27. Bxb4 Rhd8 28. Rxb7 Rb8 29. Bc4+ Ke8 30. Bb5+ Kf7 31. Rxb8 Rxb8 32. a4 Nd5 33. Ka3 Ke6 34. Bc5 Ne5 35. Rc1 Nd3 36. Bxd3 exd3 37. Rd1 Rc8 38. Bd4 Nf4 39. Be3 Rc3+ 40. Kb2 Nd5 41. Rc1 d2 42. Bxd2 Rf3 43. Re1+ Kd7 44. Re2 Nb6 45. a5 Nc4+ 46. Kb1 Ra3 47. Be1 Nxa5 48. Re4 Rb3+ 49. Kc2 Rb5 50. Kd3 Nb7 51. Rd4+ Ke6 52. Bb4 Rd5 1/2-1/2

[Event "Hamburg-chT Landesliga 2122"]
[Site "Hamburg"]
[Date "2021.11.21"]
[Round "2.3"]
[White "Kluth, Carsten"]
[Black "Easwaralingam, Adesh"]
[Result "0-1"]
[WhiteElo "2105"]
[BlackElo "2081"]
[PlyCount "102"]
[EventDate "2021.10.31"]
[EventType "team-tourn"]
[EventRounds "9"]
[EventCountry "GER"]
[SourceTitle "EXT 2023"]
[Source "ChessBase"]
[SourceDate "2022.10.05"]
[SourceVersion "1"]
[SourceVersionDate "2022.10.05"]
[SourceQuality "1"]
[WhiteTeam "St Pauli III"]
[BlackTeam "Harburg Diagonale"]
[WhiteTeamCountry "GER"]
[BlackTeamCountry "GER"]

1. Nf3 Nf6 2. c4 e6 3. g3 d5 4. Bg2 dxc4 5. Qa4+ c6 6. Qxc4 b5 7. Qc2 Bb7 8. 0-0 Nbd7 9. d3 Rc8 10. b3 Be7 11. Bb2 0-0 12. Nbd2 a5 13. a4 Nb8 14. Rfc1 Nfd7 15. d4 b4 16. Nc4 Ba6 17. Rd1 Bxc4 18. Qxc4 Nb6 19. Qd3 N8d7 20. Rac1 Qc7 21. h4 Rfd8 22. Ng5 Bxg5 23. hxg5 Nd5 24. e4 Ne7 25. Qe3 Qa7 26. Qe2 Qb8 27. Bf1 Qb6 28. Kg2 Nf8 29. Qe3 e5 30. Bc4 Ne6 31. Bxe6 fxe6 32. dxe5 Qxe3 33. fxe3 Rxd1 34. Rxd1 c5 35. Rc1 Rd8 36. Kf3 Rd2 37. Ba1 Ra2 38. Rxc5 Rxa1 39. Rxa5 Ra3 40. Rb5 Rxb3 41. a5 Nc6 42. Kf4 Ra3 43. Rb6 Nxa5 44. Rxb4 Rb3 45. Rd4 Nb7 46. Rd7 Rb4 47. Re7 Nc5 48. g6 Rxe4+ 49. Kf3 hxg6 50. Rc7 Rxe5 51. g4 g5 0-1

[Event "DEN-ch U19 rapid"]
[Site "Odense"]
[Date "2021.10.01"]
[Round "4"]
[White "Hoejstrup Christensen, John Christopher"]
[Black "Easwaralingam, Adesh"]
[Result "1/2-1/2"]
[WhiteElo "1921"]
[BlackElo "2136"]
[PlyCount "72"]
[EventDate "2021.10.01"]
[EventType "swiss"]
[EventRounds "5"]
[EventCountry "DEN"]
[SourceTitle "EXT 2024"]
[Source "ChessBase"]
[SourceDate "2023.10.10"]
[SourceVersion "1"]
[SourceVersionDate "2023.10.10"]
[SourceQuality "1"]

1. e4 c5 2. Nf3 e6 3. d4 cxd4 4. Nxd4 Nc6 5. Be3 a6 6. Nc3 Qc7 7. Qd2 Nf6 8. f3 Bb4 9. g4 b5 10. 0-0-0 0-0 11. h4 Ne5 12. Bf4 d6 13. Qe3 Nc4 14. Bxc4 Qxc4 15. Nde2 Ne8 16. Qd3 Qc6 17. Kb1 Bc5 18. Rd2 b4 19. Nd1 a5 20. c4 bxc3 21. Ndxc3 Ba6 22. Qc2 Qb7 23. h5 Rc8 24. h6 g6 25. Qd1 Bb4 26. Rc2 Qd7 27. a3 Bc5 28. Qd2 Qb7 29. Ka1 Bc4 30. Be3 Bb3 31. Rcc1 Nf6 32. Bg5 Ne8 33. Be3 Nf6 34. Bg5 Ne8 35. Be3 Bxe3 36. Qxe3 Nc7 1/2-1/2

[Event "Nordic-ch U20 Gp-A"]
[Site "Torshavn"]
[Date "2021.09.11"]
[Round "4"]
[White "Easwaralingam, Adesh"]
[Black "Lund, Gunnar"]
[Result "1/2-1/2"]
[WhiteElo "2128"]
[BlackElo "2314"]
[PlyCount "73"]
[EventDate "2021.09.10"]
[EventType "swiss"]
[EventRounds "6"]
[EventCountry "FAI"]
[SourceTitle "CBM 204 Extra"]
[Source "ChessBase"]
[SourceDate "2021.11.30"]
[SourceVersion "1"]
[SourceVersionDate "2021.11.30"]
[SourceQuality "1"]

1. e4 e5 2. Nf3 Nc6 3. Bb5 a6 4. Ba4 Nf6 5. 0-0 Be7 6. Re1 b5 7. Bb3 0-0 8. d4 d6 9. c3 Bg4 10. Be3 Na5 11. Bc2 Nc4 12. Bc1 Nd7 13. h3 Bh5 14. b3 Ncb6 15. Nbd2 c5 16. d5 c4 17. Nf1 Bxf3 18. Qxf3 Bg5 19. Ba3 Nc5 20. Ne3 Bxe3 21. Qxe3 cxb3 22. axb3 Nbd7 23. Bc1 Qc7 24. Qg3 Kh8 25. Bd2 f6 26. Rab1 Nb6 27. Bd1 a5 28. b4 Nca4 29. bxa5 Nc4 30. Rxb5 Rxa5 31. Bxa4 Rxa4 32. Be3 Nxe3 33. Qxe3 Rc4 34. Rc1 Rc8 35. f3 h6 36. Rb6 Qa7 37. Kf2 1/2-1/2

[Event "Nordic-ch U20 Gp-A"]
[Site "Torshavn"]
[Date "2021.09.11"]
[Round "3"]
[White "Petersson, Baldur Teodor"]
[Black "Easwaralingam, Adesh"]
[Result "1/2-1/2"]
[WhiteElo "2214"]
[BlackElo "2128"]
[PlyCount "98"]
[EventDate "2021.09.10"]
[EventType "swiss"]
[EventRounds "6"]
[EventCountry "FAI"]
[SourceTitle "CBM 204 Extra"]
[Source "ChessBase"]
[SourceDate "2021.11.30"]
[SourceVersion "1"]
[SourceVersionDate "2021.11.30"]
[SourceQuality "1"]

1. e4 c5 2. Nc3 d6 3. g3 Nc6 4. Bg2 g6 5. d3 Bg7 6. Be3 Nf6 7. h3 0-0 8. Qd2 Re8 9. Nge2 Rb8 10. 0-0 b5 11. f4 b4 12. Nd1 Bb7 13. g4 Nd7 14. f5 e6 15. Bg5 f6 16. Bh6 e5 17. fxg6 hxg6 18. Bxg7 Kxg7 19. Ne3 Nd4 20. Rf2 Nxe2+ 21. Qxe2 Nf8 22. g5 Ne6 23. gxf6+ Kf7 24. Raf1 Rh8 25. Nd5 Nd4 26. Qg4 Bc8 27. Qg3 Qf8 28. Kh2 Qh6 29. Rg1 Bd7 30. Bf1 Ne6 31. Ne3 Rh7 32. Ng4 Qh5 33. Kh1 Rbh8 34. Rf3 Ng5 35. Re3 Nxh3 36. Bxh3 Qxh3+ 37. Qxh3 Rxh3+ 38. Rxh3 Rxh3+ 39. Nh2 Kxf6 40. Kg2 Rh4 41. Ra1 a5 42. a3 a4 43. Nf3 Rg4+ 44. Kf2 Rf4 45. Kg3 Bc6 46. Nd2 bxa3 47. Rxa3 d5 48. exd5 Bxd5 49. Rc3 c4 1/2-1/2

[Event "Oberliga Nord N 1920"]
[Site "Germany"]
[Date "2021.08.15"]
[Round "9.8"]
[White "Easwaralingam, Adesh"]
[Black "Mix, Clemens"]
[Result "1-0"]
[WhiteElo "2141"]
[BlackElo "1981"]
[PlyCount "91"]
[EventDate "2019.09.29"]
[EventType "team-tourn"]
[EventRounds "9"]
[EventCountry "GER"]
[SourceTitle "EXT 2023"]
[Source "ChessBase"]
[SourceDate "2022.10.05"]
[SourceVersion "1"]
[SourceVersionDate "2022.10.05"]
[SourceQuality "1"]
[WhiteTeam "Harburg Diagonale"]
[BlackTeam "Hamburg Schachfreunde"]
[WhiteTeamCountry "GER"]
[BlackTeamCountry "GER"]

1. e4 c5 2. Nf3 Nc6 3. Bb5 g6 4. Bxc6 dxc6 5. d3 Bg7 6. h3 e5 7. Be3 b6 8. a4 a5 9. Na3 Ne7 10. Nc4 f6 11. b4 axb4 12. a5 bxa5 13. Bxc5 0-0 14. Bxb4 a4 15. Bc5 Be6 16. Nb6 Ra6 17. Nxa4 Rf7 18. Nc3 Rxa1 19. Qxa1 Nc8 20. Qa8 Qd7 21. 0-0 Qb7 22. Qa3 Bf8 23. Rb1 Qc7 24. Na4 Nd6 25. Nc3 Kg7 26. Qb4 Nb5 27. Na4 h6 28. c3 f5 29. Bxf8+ Rxf8 30. Qc5 fxe4 31. Nxe5 Nd6 32. Qd4 Kh7 33. dxe4 Nb5 34. Qc5 Nd6 35. Rd1 Rd8 36. Qxc6 Qxc6 37. Nxc6 Bb3 38. Rd4 Rc8 39. Ne7 Re8 40. Rxd6 Bxa4 41. Nxg6 Rxe4 42. Nf8+ Kg7 43. Ne6+ Kh7 44. Nd4 Re1+ 45. Kh2 Rf1 46. f3 1-0

[Event "Aarhus Chess House Summer"]
[Site "Aarhus"]
[Date "2021.07.29"]
[Round "5"]
[White "Easwaralingam, Adesh"]
[Black "Koellner, Aaron Noah"]
[Result "1/2-1/2"]
[WhiteElo "2141"]
[BlackElo "2257"]
[PlyCount "110"]
[EventDate "2021.07.26"]
[EventType "swiss"]
[EventRounds "9"]
[EventCountry "DEN"]
[SourceTitle "CBM 203 Extra"]
[Source "ChessBase"]
[SourceDate "2021.09.30"]
[SourceVersion "1"]
[SourceVersionDate "2021.09.30"]
[SourceQuality "1"]

1. e4 c5 2. Nf3 Nf6 3. Nc3 d5 4. e5 Ne4 5. Bb5+ Bd7 6. Qe2 Nxc3 7. dxc3 e6 8. Bxd7+ Qxd7 9. 0-0 Nc6 10. c4 d4 11. Rd1 Qc7 12. Bd2 h6 13. c3 Rd8 14. Qe4 Be7 15. Be1 0-0 16. cxd4 cxd4 17. a3 Rd7 18. b4 Rfd8 19. Rd3 a5 20. Rb1 axb4 21. axb4 Qb6 22. Bd2 Na5 23. c5 Bxc5 24. Ra3 Nc6 25. bxc5 Qxc5 26. Rab3 Rd5 27. Rc1 Qe7 28. h3 Qc7 29. Qg4 Kh7 30. Qe4+ Kg8 31. Qh4 d3 32. Rc4 b5 33. Rg4 Nxe5 34. Nxe5 Qxe5 35. Qxh6 Rc5 36. Rg5 Qxg5 37. Qxg5 Rxg5 38. Bxg5 d2 39. Bxd2 Rxd2 40. Rxb5 Rd1+ 41. Kh2 Kh7 42. g4 f6 43. Kg3 Rd3+ 44. Kg2 Rd4 45. Kg3 g5 46. f3 Rd3 47. Rb6 Re3 48. Kf2 Re5 49. Kg3 Kg6 50. h4 gxh4+ 51. Kxh4 Re3 52. Kg3 e5 53. Rb4 Kg5 54. Rb5 Ra3 55. Rc5 Rb3 1/2-1/2